000 00828cam a2200193 i 4500
005 20260128084732.0
008 250721s2022 jo gr 000 0 ara d
082 1 4 _a347.565072
_bش و ش
100 1 _aشوشاري، صلاح الدين محمد
_eمؤلف.
245 1 0 _aدليل المدد والمواعيد في القوانين الاردنية :
_bوفقًا لأحدث التعديلات التشريعية /
_cصلاح الدين محمد شوشاري.
250 _aالطبعة الثانية، مزيدة ومنقحة ومعدلة.
264 3 1 _aعمان :
_bصلاح الدين محمد شوشاري،
_c2022.
300 _a214 صفحة.
650 1 7 _aالقانون.
650 1 7 _aاجراءات المحاكم.
650 1 7 _aالاردن.
942 _2ddc
_cBK
999 _c147327
_d147327